[Event "Titled Tue 24th Jun Early"]
[Site "chess.com INT"]
[Date "2025.06.24"]
[Round "5"]
[White "Dighton, Simon"]
[Black "Chen, Yidong"]
[Result "0-1"]
[WhiteTitle "CM"]
[WhiteElo "2237"]
[BlackElo "2074"]
[WhiteFideId "408603"]
[BlackFideId "8607028"]
[EventDate "2025.06.24"]

1. d4 Nf6 2. Nf3 g6 3. b4 d5 4. Nbd2 Bg7 5. e3 a5 6. b5 O-O 7. c4 c6 8. Bb2 Re8
9. Be2 Bf5 10. O-O Nbd7 11. Ne5 Nxe5 12. dxe5 Ne4 13. bxc6 bxc6 14. cxd5 cxd5
15. Bb5 Rf8 16. Nxe4 Bxe4 17. f3 Bf5 18. a4 Rc8 19. Rc1 Qb6 20. Bd4 Qb7 21. Qd2
Qa8 22. Rxc8 Rxc8 23. Rc1 h5 24. Rxc8+ Bxc8 25. Qc3 Bb7 26. Qc7 e6 27. Bc3 h4
28. Bxa5 Bxe5 29. Qxe5 Qxa5 30. Qd6 Qe1+ 31. Bf1 Qxe3+ 32. Kh1 Qf2 33. Qd8+ Kh7 0-1

[Event "Titled Tue 24th Jun Early"]
[Site "chess.com INT"]
[Date "2025.06.24"]
[Round "5"]
[White "Deuer, Marius"]
[Black "Abdou Ahmed Alem"]
[Result "1-0"]
[WhiteTitle "IM"]
[BlackTitle "CM"]
[WhiteElo "2497"]
[BlackElo "2002"]
[WhiteFideId "16236432"]
[BlackFideId "19603720"]
[EventDate "2025.06.24"]

1. b3 f5 2. Bb2 Nf6 3. g3 e6 4. Bg2 c6 5. d3 d5 6. Nd2 Bd6 7. Ngf3 O-O 8. O-O
Nbd7 9. e4 Qc7 10. Re1 Ne5 11. Nxe5 Bxe5 12. d4 fxe4 13. dxe5 Nd7 14. f3 exf3
15. Nxf3 b6 16. Ng5 Nc5 17. Rf1 Ba6 18. Rxf8+ Rxf8 19. b4 Qe7 20. bxc5 Qxg5 21.
Qd4 bxc5 22. Qxc5 Qd2 23. Qxc6 Qf2+ 24. Kh1 Be2 25. Qxe6+ Kh8 26. Qxd5 h5 27.
Bd4 Qf5 28. Qe4 Qxe4 29. Bxe4 Rd8 30. c3 h4 31. Re1 h3 32. Rxe2 1-0

[Event "Titled Tue 24th Jun Early"]
[Site "chess.com INT"]
[Date "2025.06.24"]
[Round "5"]
[White "Romany, Joy"]
[Black "Sriansh Das"]
[Result "0-1"]
[WhiteTitle "WIM"]
[BlackTitle "FM"]
[WhiteElo "1960"]
[BlackElo "2340"]
[WhiteFideId "10656820"]
[BlackFideId "45030081"]
[EventDate "2025.06.24"]

1. d4 d5 2. c4 dxc4 3. Nf3 c5 4. e3 cxd4 5. Qxd4 Qxd4 6. Nxd4 a6 7. Bxc4 e5 8.
Nf3 Nc6 9. Nc3 Nf6 10. Ng5 Nd8 11. a4 h6 12. Nge4 Nxe4 13. Nxe4 f5 14. Nc3 Bb4
15. Bd2 Be6 16. Bxe6 Nxe6 17. f3 Nc5 18. O-O O-O-O 19. Rfd1 Nb3 20. Be1 Nxa1 21.
Rxa1 Kb8 22. Bg3 Bxc3 23. bxc3 Rhe8 24. Rb1 Rd3 25. Rb6 Rxc3 26. Rg6 Rc7 27. h4
Ka7 28. Bf2 e4 29. g4 fxg4 30. Rxg4 exf3 31. e4+ Ka8 32. Bg3 Rc2 33. Rxg7 Rf8
34. e5 f2+ 35. Bxf2 Rcxf2 0-1

[Event "Titled Tue 24th Jun Early"]
[Site "chess.com INT"]
[Date "2025.06.24"]
[Round "5"]
[White "Bezuch, Martin"]
[Black "Rushbrooke, Remy"]
[Result "0-1"]
[WhiteTitle "FM"]
[WhiteElo "2238"]
[BlackElo "2090"]
[WhiteFideId "14906333"]
[BlackFideId "443590"]
[EventDate "2025.06.24"]

1. Nf3 d5 2. g3 c6 3. Bg2 Nf6 4. d3 Nbd7 5. Nbd2 e5 6. e4 Bc5 7. O-O O-O 8. h3
a5 9. Re1 Re8 10. a4 Nf8 11. exd5 cxd5 12. Rxe5 Qb6 13. Qe1 Bg4 14. hxg4 Nxg4
15. d4 Bxd4 16. Qe2 Bxf2+ 17. Kh1 Rxe5 18. Qf1 Bxg3 0-1

[Event "Titled Tue 24th Jun Early"]
[Site "chess.com INT"]
[Date "2025.06.24"]
[Round "5"]
[White "Swaminathan, Pranav"]
[Black "Ermachenko, Manuel"]
[Result "0-1"]
[BlackTitle "CM"]
[WhiteElo "2113"]
[BlackElo "2277"]
[WhiteFideId "30970482"]
[BlackFideId "24560952"]
[EventDate "2025.06.24"]

1. d4 d5 2. c4 e6 3. Nf3 Nf6 4. g3 Be7 5. Bg2 O-O 6. O-O b6 7. cxd5 exd5 8. Nc3
Bb7 9. Bf4 c5 10. Rc1 Nc6 11. dxc5 bxc5 12. Nh4 Nd4 13. e3 Ne6 14. Nf5 Nxf4 15.
exf4 Re8 16. Re1 Bf8 17. Rxe8 Qxe8 18. Qb3 Rb8 19. Qa3 d4 20. Bxb7 dxc3 21. Qxa7
cxb2 22. Rb1 c4 23. Rxb2 Qd8 24. Kg2 Qc7 25. Qa6 c3 26. Rb1 c2 27. Rc1 Rxb7 28.
Qd3 Qc6+ 29. Kh3 Rc7 30. Ne3 Qf3 31. Rxc2 Rxc2 32. Qxc2 Ne4 33. Ng4 h5 34. Ne5
Nxf2+ 35. Qxf2 Qxf2 0-1

[Event "Titled Tue 24th Jun Early"]
[Site "chess.com INT"]
[Date "2025.06.24"]
[Round "5"]
[White "Moreira, Ronaldo Alonso"]
[Black "Zong, Davis"]
[Result "1-0"]
[BlackTitle "FM"]
[WhiteElo "2094"]
[BlackElo "2242"]
[WhiteFideId "2110547"]
[BlackFideId "30903955"]
[EventDate "2025.06.24"]

1. d4 d5 2. c4 c6 3. cxd5 cxd5 4. Nc3 Nf6 5. Bf4 Nc6 6. e3 a6 7. Bd3 Bg4 8. Nge2
e6 9. O-O Bd6 10. f3 Bh5 11. Rc1 Bg6 12. Na4 Rc8 13. Nc5 Bxd3 14. Nxb7 Bxe2 15.
Qxe2 Qb6 16. Nxd6+ Ke7 17. Nxc8+ Rxc8 18. Bg3 a5 19. Qc2 Kd7 20. Qc5 Qb7 21. Rc2
Ne8 22. Rfc1 h5 23. a4 Qa6 24. Qf8 Nd6 25. Qxd6+ 1-0

[Event "Titled Tue 24th Jun Early"]
[Site "chess.com INT"]
[Date "2025.06.24"]
[Round "5"]
[White "Kacharava, Nikolozi"]
[Black "Lowinger, Daniel"]
[Result "1-0"]
[WhiteTitle "GM"]
[WhiteElo "2524"]
[BlackElo "2086"]
[WhiteFideId "13611860"]
[BlackFideId "2005557"]
[EventDate "2025.06.24"]

1. e4 c5 2. Nf3 Nc6 3. Bb5 Nf6 4. Nc3 g6 5. h3 Nd4 6. e5 Nxb5 7. Nxb5 Nd5 8. Ng5
Bh6 9. Nxf7 Kxf7 10. Qf3+ Nf6 11. O-O a6 12. Nc3 Rf8 13. exf6 exf6 14. d4 Bxc1
15. Raxc1 d6 16. dxc5 dxc5 17. Rcd1 Qb6 18. Rfe1 Bf5 19. g4 Bxc2 20. Rd7+ Kg8
21. Ree7 g5 22. Ne4 Bxe4 23. Qxe4 f5 24. Rg7+ 1-0

[Event "Titled Tue 24th Jun Early"]
[Site "chess.com INT"]
[Date "2025.06.24"]
[Round "5"]
[White "Sabatier, Mathis"]
[Black "Golsta, Madara"]
[Result "1-0"]
[WhiteTitle "CM"]
[WhiteElo "2235"]
[BlackElo "2008"]
[WhiteFideId "26029685"]
[BlackFideId "11607386"]
[EventDate "2025.06.24"]

1. d4 d5 2. c4 dxc4 3. e4 e5 4. Nf3 exd4 5. Bxc4 Nc6 6. O-O Bc5 7. Ng5 Nh6 8.
Nxf7 Nxf7 9. Bxf7+ Kxf7 10. Qh5+ g6 11. Qxc5 Be6 12. f4 Qd6 13. Qg5 Qe7 14. Qg3
Bc4 15. Re1 Qc5 16. Nd2 Bb5 17. Nf3 Rae8 18. Ng5+ Kg7 19. f5 h6 20. Ne6+ Rxe6
21. fxe6 Re8 22. Qf4 Qe5 23. Qf7+ 1-0

[Event "Titled Tue 24th Jun Early"]
[Site "chess.com INT"]
[Date "2025.06.24"]
[Round "5"]
[White "Berg, Vadim Daskevich"]
[Black "Shangin, Lev"]
[Result "1-0"]
[WhiteTitle "IM"]
[WhiteElo "2445"]
[BlackElo "2169"]
[WhiteFideId "11601965"]
[BlackFideId "55681085"]
[EventDate "2025.06.24"]

1. e4 c5 2. Nf3 d6 3. Bb5+ Nd7 4. c3 Nf6 5. Bd3 a6 6. Bc2 b5 7. d4 e6 8. Nbd2
Bb7 9. O-O Be7 10. Re1 O-O 11. Nf1 Rc8 12. Ng3 Re8 13. Bd3 Qc7 14. Bd2 Qb8 15.
Qe2 Qa8 16. a4 c4 17. Bc2 Qb8 18. axb5 axb5 19. Ng5 h6 20. Nh3 Nf8 21. f4 e5 22.
fxe5 dxe5 23. Nf5 exd4 24. cxd4 Ne6 25. e5 Nd5 26. Qg4 Kh8 27. Rf1 Rf8 28. Qh5
Nxd4 29. Bxh6 1-0

[Event "Titled Tue 24th Jun Early"]
[Site "chess.com INT"]
[Date "2025.06.24"]
[Round "5"]
[White "Nazin, Roman"]
[Black "Cardozo Munar, Carlos Eduardo"]
[Result "1-0"]
[WhiteTitle "CM"]
[BlackTitle "FM"]
[WhiteElo "2250"]
[BlackElo "2052"]
[WhiteFideId "4137167"]
[BlackFideId "4409477"]
[EventDate "2025.06.24"]

1. d4 d5 2. Nf3 Nf6 3. c4 e6 4. e3 g6 5. Nc3 Bg7 6. Bd3 O-O 7. O-O a6 8. Qe2
dxc4 9. Bxc4 b5 10. Bd3 Bb7 11. a3 Nbd7 12. Rd1 Re8 13. b4 Qe7 14. Bb2 e5 15.
dxe5 Nxe5 16. Nxe5 Qxe5 17. Ne4 Qd5 18. Bxf6 Rxe4 19. Bxe4 Qxe4 20. f3 Qe6 21.
Bxg7 Kxg7 22. Qb2+ Kg8 23. e4 h5 24. Rd2 Rc8 25. Rad1 h4 26. Rd8+ Kh7 27. Qh8# 1-0

[Event "Titled Tue 24th Jun Early"]
[Site "chess.com INT"]
[Date "2025.06.24"]
[Round "5"]
[White "Aaron, Deepak"]
[Black "Fiorito, Francisco"]
[Result "0-1"]
[BlackTitle "IM"]
[WhiteElo "2318"]
[BlackElo "2433"]
[WhiteFideId "2009412"]
[BlackFideId "180165"]
[EventDate "2025.06.24"]

1. e4 c5 2. Nf3 Nc6 3. d4 cxd4 4. Nxd4 g6 5. Nxc6 bxc6 6. Bd3 Nf6 7. O-O d6 8.
Nc3 Bg7 9. f4 O-O 10. Kh1 Rb8 11. Qe1 Nd7 12. Rb1 Nc5 13. Bd2 Qb6 14. f5 Nd7 15.
Qh4 Re8 16. fxg6 hxg6 17. Bc4 Ne5 18. Bb3 c5 19. Nd5 Qb7 20. Ba4 Bd7 21. Bxd7
Qxd7 22. Bg5 Rb7 23. Bh6 Bxh6 24. Qxh6 Qg4 25. Rf4 Rxb2 26. Rbf1 Qe2 27. h3 Rxc2
28. Nc7 Qxg2# 0-1

[Event "Titled Tue 24th Jun Early"]
[Site "chess.com INT"]
[Date "2025.06.24"]
[Round "5"]
[White "Nersisyan, Garnik"]
[Black "Llari, Marc"]
[Result "1-0"]
[WhiteTitle "CM"]
[BlackTitle "FM"]
[WhiteElo "2035"]
[BlackElo "2334"]
[WhiteFideId "13300741"]
[BlackFideId "651044269"]
[EventDate "2025.06.24"]

1. e4 Nf6 2. d3 d5 3. Nc3 dxe4 4. dxe4 Qxd1+ 5. Kxd1 e5 6. f3 Be6 7. Be3 Nbd7 8.
Ke1 c6 9. Bd3 Bc5 10. Bxc5 Nxc5 11. Rd1 O-O-O 12. Be2 Rxd1+ 13. Bxd1 Rd8 14.
Nge2 b5 15. Nc1 Nfd7 16. Nb3 Kc7 17. Be2 Kb6 18. Nxc5 Nxc5 19. a3 a5 20. Nd1 f6
21. Ne3 Na4 22. b3 Nc5 23. Kf2 a4 24. b4 Nb7 25. Rd1 Rxd1 26. Bxd1 Nd6 27. Be2
c5 28. c3 c4 29. g3 Kc6 30. Bf1 Kd7 31. Bg2 Ke7 32. f4 exf4 33. gxf4 g5 34. Kg3
h5 35. h4 g4 36. e5 fxe5 37. fxe5 Nf5+ 38. Nxf5+ Bxf5 39. Bc6 Bd7 40. Bd5 Kd8
41. Kf4 Kc7 42. Bf7 g3 43. Kxg3 Bg4 44. Kf4 Kd7 45. Kg5 Ke7 46. Bxh5 Bxh5 47.
Kxh5 Ke6 48. Kg4 Kxe5 49. h5 Ke4 50. h6 Kd3 51. h7 Kxc3 52. h8=Q+ Kb3 53. Kf3
Kxa3 54. Qc3+ Ka2 55. Ke2 Kb1 56. Kd2 Ka2 57. Kc1 a3 58. Qc2+ Ka1 59. Qb1# 1-0

[Event "Titled Tue 24th Jun Early"]
[Site "chess.com INT"]
[Date "2025.06.24"]
[Round "5"]
[White "Mata Gonzalez, Jose Fernando"]
[Black "Annaberdiyev, Babageldi"]
[Result "1/2-1/2"]
[WhiteTitle "CM"]
[BlackTitle "FM"]
[WhiteElo "2164"]
[BlackElo "2208"]
[WhiteFideId "5107423"]
[BlackFideId "14000385"]
[EventDate "2025.06.24"]

1. e4 e6 2. Qe2 c5 3. Nc3 Nc6 4. g3 g6 5. Bg2 Bg7 6. Nf3 d6 7. O-O Nge7 8. d3 h6
9. Be3 e5 10. Nd5 Nxd5 11. exd5 Ne7 12. c4 O-O 13. Qd2 Kh7 14. Rab1 a5 15. a4 f5
16. Qe2 f4 17. gxf4 exf4 18. Bd2 Bg4 19. h3 Bh5 20. Qe4 Nf5 21. Bc3 Bxf3 22.
Qxf3 Qg5 23. Qg4 Qxg4 24. hxg4 Nd4 25. Be4 Rae8 26. Rfe1 b6 27. Bxd4 Bxd4 28.
Kg2 Kg7 29. f3 Be3 30. b3 Re5 31. Rh1 h5 32. Rh4 hxg4 33. Rxg4 g5 34. Rh1 Rh8
35. Rxh8 Kxh8 36. Kh3 Kg7 37. Rg2 Kf6 38. Kg4 Re8 39. Rh2 Ke5 40. Rh6 Rd8 41.
Rh7 Kd4 42. Rb7 Kc3 43. Rxb6 Bd4 44. Kxg5 Be5 45. Kf5 Rf8+ 46. Ke6 Rf6+ 47. Ke7
Rh6 48. Ra6 Kb4 49. Rb6+ Kc3 50. Ra6 Kb4 51. Rb6+ Kc3 1/2-1/2

[Event "Titled Tue 24th Jun Early"]
[Site "chess.com INT"]
[Date "2025.06.24"]
[Round "5"]
[White "Jahnz, Laurin"]
[Black "Li, Yilin"]
[Result "1-0"]
[WhiteTitle "CM"]
[BlackTitle "WFM"]
[WhiteElo "2221"]
[BlackElo "1922"]
[WhiteFideId "16261089"]
[BlackFideId "8610410"]
[EventDate "2025.06.24"]

1. e4 c5 2. Nf3 d6 3. Bb5+ Nd7 4. O-O a6 5. Bxd7+ Bxd7 6. Qe2 e5 7. Rd1 Nf6 8.
c3 Bc6 9. d4 cxd4 10. cxd4 exd4 11. Nxd4 Be7 12. Nc3 O-O 13. Nf5 Qd7 14. Bg5 d5
15. Nxe7+ Qxe7 16. Bxf6 Qxf6 17. exd5 Bd7 18. Qd2 Rfe8 19. Re1 Bf5 20. h3 Qd6
21. Rxe8+ Rxe8 22. Re1 Rd8 23. Qe3 h6 24. Qe5 Bg6 25. Qxd6 Rxd6 26. Re8+ Kh7 27.
Re7 b5 28. a3 f6 29. Rc7 Be8 30. Rc8 Bd7 31. Rd8 Kg6 32. Kh2 Kf7 33. b4 Ke7 34.
Rg8 Kf7 35. Rb8 Bf5 36. Rb7+ Rd7 37. Rxd7+ Bxd7 38. Kg3 Bf5 39. Kf4 g6 40. g4
Bd3 41. Ke3 Bc4 42. Kd4 Ke7 43. Kc5 Kd7 44. Ne4 f5 45. gxf5 gxf5 46. Nd6 f4 47.
h4 Bd3 48. Nf7 h5 49. Ne5+ 1-0

[Event "Titled Tue 24th Jun Early"]
[Site "chess.com INT"]
[Date "2025.06.24"]
[Round "5"]
[White "Cori Quispe, Kevin Joel"]
[Black "Jimenez Salas, Maria Teresa"]
[Result "1-0"]
[WhiteTitle "GM"]
[BlackTitle "WIM"]
[WhiteElo "2464"]
[BlackElo "2170"]
[WhiteFideId "3814017"]
[BlackFideId "3843866"]
[EventDate "2025.06.24"]

1. d4 d5 2. c4 c6 3. Nf3 Nf6 4. Nc3 e6 5. e3 Nbd7 6. Qc2 Be7 7. g4 h6 8. Rg1
dxc4 9. Bxc4 Nd5 10. Bd2 N7b6 11. Be2 Nb4 12. Qb1 c5 13. dxc5 Bxc5 14. g5 hxg5
15. Rxg5 Be7 16. Rxg7 Bf6 17. Rh7 Rg8 18. a3 N4d5 19. Ne4 Be7 20. Kf1 e5 21.
Nxe5 Bf5 22. Nd6+ Qxd6 23. Qxf5 f6 24. Bb5+ Kd8 25. Nf7+ 1-0

[Event "Titled Tue 24th Jun Early"]
[Site "chess.com INT"]
[Date "2025.06.24"]
[Round "5"]
[White "Shubenkova, Veronika"]
[Black "Katishonok, Nikolaj"]
[Result "1-0"]
[WhiteTitle "WFM"]
[BlackTitle "FM"]
[WhiteElo "2031"]
[BlackElo "2004"]
[WhiteFideId "44124040"]
[BlackFideId "11600225"]
[EventDate "2025.06.24"]

1. a3 e5 2. b3 d5 3. Bb2 Nc6 4. g3 g6 5. Bg2 Bg7 6. d3 Nge7 7. Nd2 O-O 8. e3 h6
9. Ne2 a5 10. O-O f5 11. c4 Kh7 12. cxd5 Nxd5 13. Nc4 Be6 14. Qc2 Qe7 15. Rae1
h5 16. h4 g5 17. hxg5 Qxg5 18. f4 Qg4 19. e4 Nde7 20. Ne3 Qg6 21. Kh2 h4 22.
gxh4 Qh6 23. Bh3 Qxh4 24. Ng2 Qh6 25. Rf3 fxe4 26. dxe4 exf4 27. Bxg7 Kxg7 28.
Nexf4 Rh8 29. Qc3+ Kg8 30. Nxe6 Qxe6 31. Qxh8+ Kxh8 32. Bxe6 Ne5 33. Rg3 Rf8 34.
Rh1 1-0

[Event "Titled Tue 24th Jun Early"]
[Site "chess.com INT"]
[Date "2025.06.24"]
[Round "5"]
[White "Jasinski, Alexander"]
[Black "Causo, Deniel"]
[Result "0-1"]
[BlackTitle "FM"]
[WhiteElo "1989"]
[BlackElo "2224"]
[WhiteFideId "55627994"]
[BlackFideId "5203660"]
[EventDate "2025.06.24"]

1. e4 d5 2. exd5 Nf6 3. d3 Qxd5 4. Nd2 Nc6 5. Ndf3 Bg4 6. h3 Bh5 7. Be2 O-O-O 8.
Be3 e5 9. Qc1 e4 10. dxe4 Nxe4 11. g4 Bg6 12. h4 h5 13. g5 Bc5 14. Nh3 Rhe8 15.
Nf4 Qf5 16. Nxg6 fxg6 17. Bxc5 Qxc5 18. O-O Ng3 19. Bd3 Nxf1 20. Qxf1 Qd5 21.
Qg2 Rf8 22. Nd2 Qxg2+ 23. Kxg2 Ne5 24. Nc4 Nxc4 25. Bxc4 Rd2 26. Rf1 Rxc2 27.
Bd3 Rc6 28. Kg3 Rd6 29. Be4 c6 30. f4 Kc7 31. b3 a5 32. a4 Re8 33. Kf3 Rde6 34.
Re1 b5 35. axb5 Rxe4 36. Rxe4 Rxe4 37. Kxe4 cxb5 38. Kd5 a4 39. bxa4 bxa4 40.
Kc4 Kd6 41. Kb4 Kd5 42. Kxa4 Ke4 43. Kb4 Kxf4 44. Kc4 Kg4 45. Kd4 Kxh4 46. Ke4
Kxg5 0-1

[Event "Titled Tue 24th Jun Early"]
[Site "chess.com INT"]
[Date "2025.06.24"]
[Round "5"]
[White "Kozak, Antoni"]
[Black "Pranav, V"]
[Result "0-1"]
[BlackTitle "GM"]
[WhiteElo "2426"]
[BlackElo "2595"]
[WhiteFideId "21832030"]
[BlackFideId "25060783"]
[EventDate "2025.06.24"]

1. Nf3 Nf6 2. d4 e6 3. c4 Bb4+ 4. Nbd2 b6 5. a3 Bxd2+ 6. Qxd2 Bb7 7. g3 O-O 8.
Bg2 d6 9. O-O a5 10. b3 Nbd7 11. Bb2 h6 12. Rfe1 Qb8 13. Rac1 Be4 14. Qf4 Qb7
15. Bf1 Rfe8 16. Nd2 e5 17. dxe5 dxe5 18. Qe3 Bc6 19. b4 axb4 20. axb4 b5 21.
cxb5 Qxb5 22. Qc3 Re6 23. Bh3 Rd6 24. Nc4 Bd5 25. Nxd6 cxd6 26. Ra1 Rb8 27. Ra5
Qb7 28. Rea1 Ne4 29. Qd3 Ndf6 30. Bg2 Qxb4 31. Bc1 Qe1+ 32. Bf1 Qxf2+ 33. Kh1
Nxg3# 0-1

[Event "Titled Tue 24th Jun Early"]
[Site "chess.com INT"]
[Date "2025.06.24"]
[Round "5"]
[White "Veiga, Jose Francisco R P Neves"]
[Black "Williams, Simon K"]
[Result "0-1"]
[WhiteTitle "IM"]
[BlackTitle "GM"]
[WhiteElo "2390"]
[BlackElo "2444"]
[WhiteFideId "1930087"]
[BlackFideId "404454"]
[EventDate "2025.06.24"]

1. e4 e6 2. d4 d5 3. Nc3 Nf6 4. e5 Ne4 5. Nxe4 dxe4 6. Ne2 c5 7. Be3 Nc6 8. c3
cxd4 9. cxd4 Bb4+ 10. Nc3 O-O 11. Be2 Qa5 12. Qc2 Ne7 13. O-O Bd7 14. Rac1 Rac8
15. Rfe1 Nd5 16. Qxe4 Bxc3 17. bxc3 Rxc3 18. Bd2 Rfc8 19. Bxc3 Rxc3 20. Bd3 g6
21. h3 Bc6 22. Qe2 Qb4 23. Rxc3 Qxc3 24. Bb5 Bxb5 0-1

[Event "Titled Tue 24th Jun Early"]
[Site "chess.com INT"]
[Date "2025.06.24"]
[Round "5"]
[White "Oberoi, Shelev"]
[Black "Erigaisi, Arjun"]
[Result "0-1"]
[BlackTitle "GM"]
[WhiteElo "2174"]
[BlackElo "2782"]
[WhiteFideId "30908590"]
[BlackFideId "35009192"]
[EventDate "2025.06.24"]

1. d4 b6 2. e4 Bb7 3. Bd3 e6 4. Nd2 Nf6 5. Ne2 d5 6. e5 Ne4 7. Nxe4 dxe4 8. Bb5+
Nd7 9. c3 c5 10. O-O a6 11. Ba4 b5 12. Bc2 Qh4 13. Be3 Be7 14. Ng3 f5 15. exf6
gxf6 16. Qh5+ Qxh5 17. Nxh5 cxd4 18. Bxd4 Kf7 19. Rfe1 e5 20. Be3 f5 21. Rad1
Rhd8 22. g4 f4 23. Bc1 Nc5 24. b4 Na4 25. Bb3+ Kg6 26. Be6 Nxc3 27. Bf5+ Kf7 28.
Rxd8 Rxd8 29. Bb2 Bxb4 30. Bxc3 Bxc3 31. Rc1 b4 32. a3 a5 33. g5 e3 34. fxe3 Bf3
35. Nf6 fxe3 36. Bg4 Bxg4 37. Nxg4 e2 38. Kf2 Rd1 0-1

[Event "Titled Tue 24th Jun Early"]
[Site "chess.com INT"]
[Date "2025.06.24"]
[Round "5"]
[White "Ribeiro, Gustavo"]
[Black "Samunenkov, Ihor"]
[Result "0-1"]
[WhiteTitle "FM"]
[BlackTitle "GM"]
[WhiteElo "2314"]
[BlackElo "2562"]
[WhiteFideId "1941852"]
[BlackFideId "14187086"]
[EventDate "2025.06.24"]

1. e4 c5 2. Nf3 Nc6 3. Bb5 g6 4. O-O Bg7 5. Re1 e5 6. Nc3 Nge7 7. a4 O-O 8. d3
h6 9. Nd5 d6 10. a5 Nxd5 11. exd5 Ne7 12. c4 a6 13. Ba4 Qxa5 14. Bd2 Qc7 15. Bc3
b5 16. cxb5 Nxd5 17. Bd2 Bf5 18. Qb3 Nb6 19. Ba5 Qb8 20. bxa6 Nxa4 21. Qxa4 Bxd3
22. Red1 e4 23. Ne1 Bxa6 24. Qxe4 Qxb2 25. Rab1 Qa2 26. Bc7 Rfe8 27. Qc6 Bd4 28.
Qf3 Be2 29. Qg3 Bxd1 30. Rxd1 Qe2 0-1

[Event "Titled Tue 24th Jun Early"]
[Site "chess.com INT"]
[Date "2025.06.24"]
[Round "5"]
[White "Troltenier, Dirk"]
[Black "Mostertman, Milan"]
[Result "1-0"]
[WhiteTitle "FM"]
[BlackTitle "FM"]
[WhiteElo "2174"]
[BlackElo "2231"]
[WhiteFideId "4606400"]
[BlackFideId "1025848"]
[EventDate "2025.06.24"]

1. e4 d5 2. exd5 Qxd5 3. Nc3 Qd6 4. d4 Nf6 5. Nf3 c6 6. Bc4 Bg4 7. Be3 e6 8. h3
Bh5 9. g4 Bg6 10. Ne5 Nbd7 11. Nxd7 Qxd7 12. h4 h5 13. g5 Nd5 14. Nxd5 cxd5 15.
Bd3 Bxd3 16. Qxd3 g6 17. O-O-O Bg7 18. Rhe1 O-O 19. Bf4 Rac8 20. Kb1 Rc4 21. c3
b5 22. Be5 Bxe5 23. Rxe5 b4 24. cxb4 Rxb4 25. Rc1 Rfb8 26. Rc2 Qa4 27. Rxe6 Rxd4
28. Rxg6+ Kf8 29. Qf3 Rf4 30. Qxd5 Re8 31. Qd6+ Re7 32. Rc8+ Qe8 33. Rxe8+ Kxe8
34. Rg8# 1-0

[Event "Titled Tue 24th Jun Early"]
[Site "chess.com INT"]
[Date "2025.06.24"]
[Round "5"]
[White "Zepeda Berlanga, Jan Enrique"]
[Black "Khanbutaev, Artemii"]
[Result "0-1"]
[WhiteTitle "CM"]
[WhiteElo "1984"]
[BlackElo "2139"]
[WhiteFideId "5132355"]
[BlackFideId "55747175"]
[EventDate "2025.06.24"]

1. e4 e5 2. Nf3 Nc6 3. Bc4 Nf6 4. d3 Bc5 5. Nc3 d6 6. Na4 Bb6 7. a3 Be6 8. Bxe6
fxe6 9. O-O O-O 10. b4 h6 11. c3 Qd7 12. Nxb6 axb6 13. a4 Qf7 14. Qb3 Nh5 15. a5
bxa5 16. bxa5 Rxa5 17. Be3 b6 18. Qc4 Qd7 19. Nh4 Rfa8 20. Rxa5 Rxa5 21. d4 exd4
22. cxd4 d5 23. Qe2 dxe4 24. Qg4 Nf6 25. Qg6 Ne7 26. Qg3 Kh7 27. Rc1 c6 28. h3
Nf5 29. Nxf5 exf5 30. Qe5 Rxe5 0-1

[Event "Titled Tue 24th Jun Early"]
[Site "chess.com INT"]
[Date "2025.06.24"]
[Round "5"]
[White "Kollars, Dmitrij"]
[Black "Srihari, L R"]
[Result "0-1"]
[WhiteTitle "GM"]
[BlackTitle "IM"]
[WhiteElo "2633"]
[BlackElo "2480"]
[WhiteFideId "12909572"]
[BlackFideId "46617116"]
[EventDate "2025.06.24"]

1. Nf3 Nf6 2. g3 c5 3. Bg2 Nc6 4. d4 cxd4 5. Nxd4 e5 6. Nxc6 dxc6 7. Qxd8+ Kxd8
8. f4 Bd6 9. Nd2 Be6 10. O-O exf4 11. gxf4 Bc5+ 12. Kh1 Be3 13. Nb3 Bxc1 14.
Raxc1 Kc7 15. Nc5 Rhe8 16. e4 Bc4 17. Rfe1 b6 18. Nb3 Nh5 19. f5 Nf4 20. Kg1
Ne2+ 21. Rxe2 Bxe2 22. Kf2 Bc4 23. Nd2 Ba6 24. Ke3 Rad8 25. Nf3 Bc8 26. Kf4 g6
27. Bh3 f6 28. Bf1 g5+ 29. Kg3 Rxe4 30. Bd3 Rf4 31. Re1 Bxf5 32. Bxf5 Rxf5 33.
Re6 h5 34. Re4 c5 35. b4 g4 36. Nh4 Re5 37. Rf4 Rd2 38. Rxf6 Re3+ 39. Kf4 Rf2+
40. Kxe3 Rxf6 41. bxc5 bxc5 42. c4 Ra6 0-1

[Event "Titled Tue 24th Jun Early"]
[Site "chess.com INT"]
[Date "2025.06.24"]
[Round "5"]
[White "Galperin, Platon"]
[Black "De Silva, L M S T"]
[Result "1-0"]
[WhiteTitle "GM"]
[BlackTitle "IM"]
[WhiteElo "2500"]
[BlackElo "2390"]
[WhiteFideId "14165414"]
[BlackFideId "9953698"]
[EventDate "2025.06.24"]

1. d4 Nf6 2. Bf4 e6 3. Nf3 d5 4. e3 Bd6 5. Ne5 O-O 6. Nd2 c5 7. c3 b6 8. h4 Bb7
9. h5 Nc6 10. Bb5 Qc7 11. Bxc6 Bxc6 12. h6 g6 13. Nxc6 Qxc6 14. Qf3 Nd7 15. Qg3
Bxf4 16. Qxf4 f6 17. Qg4 e5 18. O-O f5 19. Qh4 Rae8 20. Nf3 Qf6 21. Ng5 f4 22.
dxe5 Rxe5 23. exf4 Qxf4 24. Qxf4 Rxf4 25. Nf3 Rh5 26. Rad1 Nf6 27. Rfe1 Ne4 28.
Re3 Rhf5 29. Rdd3 c4 30. Rd4 g5 31. Nd2 Rxf2 32. Nxe4 dxe4 33. Rexe4 Rxb2 34.
Re7 Rf7 35. Rd8+ Rf8 36. Rg7+ 1-0